Marketingová stratégia uvádzania nového produktu na trh diplomová práca

Enregistré dans:
Détails bibliographiques
Auteur principal: Piesecký, Martin
Collectivité auteur: Fakulta podnikového manažmentu EU. Katedra podnikovohospodárska
Autres auteurs: Hrušovská, Dana, 1964-
Format: Livre
Langue:slovaque
Publié: Bratislava 2008
Tags: Ajouter un tag
Pas de tags, Soyez le premier à ajouter un tag!

MARC

LEADER 00000nam$a2200000$$$4500
001 0086329
005 20240201115527.3
041 0 |a slo 
044 |a SK 
245 1 0 |a Marketingová stratégia uvádzania nového produktu na trh  |b diplomová práca  |c Martin Piesecký ; škol. Dana Hrušovská 
264 1 |a Bratislava  |c 2008 
300 |a 76 s. 
100 1 |a Piesecký, Martin 
700 1 |a Hrušovská, Dana, 1964- 
710 2 |a Fakulta podnikového manažmentu EU. Katedra podnikovohospodárska